| 000 | 01282nam a2200349 i 4500 | ||
|---|---|---|---|
| 003 | EG-ScBUE | ||
| 005 | 20230413104650.0 | ||
| 008 | 180324s2004 ua a f 000 0 eng d | ||
| 020 | _a9773057941 | ||
| 040 |
_aEG-ScBUE _beng _erda _cEG-ScBUE _dEG-ScBUE |
||
| 041 | 1 |
_aeng _hara |
|
| 043 | _af-ua--- | ||
| 082 | 0 | 4 |
_a781.17096 _bCON _222 |
| 240 | 1 | 0 |
_aTa'leef Al'musiqi Al-Misry Al-mu'asser. _lEnglish |
| 245 | 0 | 4 |
_aContemporary Egyptian music composers of the 20th century : _bthe pioneers / _cedited by Samha El-Kholy ; English translation Adil Inani, [and four others] |
| 250 | _aFirst English edition. | ||
| 264 | 1 |
_aGiza, Egypt : _bForeign Information Department, _c2004. |
|
| 300 |
_a116 pages : _bcolor illustrations ; _c24 cm. |
||
| 336 |
_2rdacontent _atext _btxt |
||
| 337 |
_2rdamedia _aunmediated _bn |
||
| 338 |
_2rdacarrier _avolume _bnc |
||
| 490 | 0 | _aPrism book series | |
| 546 | _aText in English ; translated from original Arabic. | ||
| 650 | 7 |
_aMusic _zEgypt _y20th century _xHistory and criticism. _2BUEsh |
|
| 651 | _2BUEsh | ||
| 653 |
_bHHUUEENN _bGGEN _cMarch2018 |
||
| 655 | _vReading book | ||
| 700 | 1 |
_aEl-Kholy, Samha, _eeditor. |
|
| 700 | 1 |
_aInani, Adil, _etranslator. |
|
| 942 |
_2ddc _cBB |
||
| 999 |
_c26389 _d26361 |
||